La mente humana / (Registro nro. 8412)

Detalles MARC
000 -CABECERA
Campo de control interno 01769nam a2200253Ia 4500
008 - ELEMENTOS DE LONGITUD FIJA - INFORMACIÓN GENERAL
Campo de control de longitud fija 260220t1984||||xx |||||||||||||| ||spa||
020 ## - ISBN
ISBN 8434580942
040 ## - FUENTE DE CATALOGACIÓN
Agencia de catalogación original PY-SlUNAC
Idioma de catalogación spa
Convenciones de descripción rda
041 ## - CÓDIGO DE IDIOMA
Código de idioma para texto/pista de sonido o título separado spa
082 ## - NÚMERO DE CLASIFICACIÓN DECIMAL DEWEY
Clasificación Decimal Dewey (CDD) 611
Clasificación Expansiva de Cutter (EC) P654m
100 ## - ASIENTO PRINCIPAL - NOMBRE PERSONAL
Nombre personal Pinillos, José Luis
Rol del autor Autor
245 #0 - TÍTULO
Título La mente humana /
Mención de responsabilidad por José Luis Pinillos [Autor]
264 ## - PIE DE IMPRENTA
Lugar Barcelona :
Editorial Salvat editores,
Año ℗1984.
300 ## - DESCRIPCIÓN FÍSICA
Páginas 1 volumen
520 ## - NOTA DE RESUMEN
Nota de resumen En "La mente humana", José Luis Pinillos explora las complejidades de la psicología y la neurociencia, ofreciendo un análisis profundo sobre el funcionamiento del cerebro y la psicología humana. El autor aborda temas como la percepción, la memoria, el aprendizaje y las emociones, integrando enfoques psicológicos clásicos y contemporáneos. A través de una prosa accesible, Pinillos examina cómo las estructuras cerebrales influyen en el comportamiento y las relaciones interpersonales, así como en la formación de la identidad. También considera el impacto de factores sociales y culturales en la mente, lo que permite una comprensión integral de la psicología humana. El libro no solo se centra en teorías psicológicas, sino que también presenta aplicaciones prácticas en la vida cotidiana, resaltando la importancia de la salud mental. En conjunto, "La mente humana" se erige como una obra fundamental para estudiantes y profesionales de la psicología, así como para cualquier lector interesado en desentrañar los misterios de la mente.
653 ## - MATERIA - TÉRMINO TEMÁTICO NO CONTROLADO (PALABRAS CLAVE)
Materia - término temático no controlado (palabras clave) Ciencia cognitiva
653 ## - MATERIA - TÉRMINO TEMÁTICO NO CONTROLADO (PALABRAS CLAVE)
Materia - término temático no controlado (palabras clave) Comportamiento humano
653 ## - MATERIA - TÉRMINO TEMÁTICO NO CONTROLADO (PALABRAS CLAVE)
Materia - término temático no controlado (palabras clave) Psicología
942 ## - ELEMENTOS PERSONALIZADOS (KOHA)
Fecha catalogación 2026/02/17
Tipo de documento Libros
Existencias
Fuente de Clasificacion Colección Ubicacion permanente Biblioteca actual Fecha de Ingreso a la Biblioteca Origen de adquisición Código de ubicación Código de barras Tipo de Item KOHA Nota pública
Dewey Decimal Classification Colección General (CG) Biblioteca e Internet, Facultad de Ciencias Exactas y Naturales Biblioteca e Internet, Facultad de Ciencias Exactas y Naturales 02/20/2026 Donación 611 P654m CG1772 Libros Material disponible en la Biblioteca e Intenet, Campus UNA, San Lorenzo.